Скоростная проходка горной науки: к 70-летию Виктора Григорьевича Лукьянова; Томский политехник; Вып. 6

Bibliografiske detaljer
Parent link:Томский политехник: ежегодный журнал/ Томский политехнический университет (ТПУ), Ассоциация выпускников.— , 1995-
Вып. 6.— 2000.— [С. 106-107]
Hovedforfatter: Куцепаленко В. Ф. Василий Федорович
Summary:Заглавие с титульного листа
Электронная версия печатной публикации
Sprog:russisk
Udgivet: 2000
Serier:ТПУ и научные достижения
Fag:
Online adgang:Цветная версия без потери качества
Format: Electronisk Book Chapter
KOHA link:https://koha.lib.tpu.ru/cgi-bin/koha/opac-detail.pl?biblionumber=190646

MARC

LEADER 00000nla2a2200000 4500
001 190646
005 20231031180317.0
035 |a (RuTPU)RU\TPU\book\207822 
035 |a RU\TPU\book\207810 
090 |a 190646 
100 |a 20110127d2000 km y0rusy50 ca 
101 0 |a rus 
102 |a RU 
135 |a drnn ---uucaa 
181 0 |a i  
182 0 |a b 
200 1 |a Скоростная проходка горной науки  |b Электронный ресурс  |e к 70-летию Виктора Григорьевича Лукьянова  |f В. Ф. Куцепаленко 
203 |a Текст  |c электронный 
215 |a 1 файл (6.2 Мб) 
225 1 |a ТПУ и научные достижения 
230 |a Электронные текстовые данные (1 файл : 6.2 Мб) 
300 |a Заглавие с титульного листа 
300 |a Электронная версия печатной публикации 
337 |a Adobe Reader 
461 1 |0 (RuTPU)RU\TPU\book\202435  |t Томский политехник  |o ежегодный журнал  |f Томский политехнический университет (ТПУ), Ассоциация выпускников  |d 1995- 
463 1 |0 (RuTPU)RU\TPU\book\207559  |t Вып. 6  |v [С. 106-107]  |d 2000  |p 225 с. 
600 1 |a Лукьянов  |b В. Г.  |c российский горный инженер  |f 1930-  |g Виктор Григорьевич  |c профессор Томского политехнического университета  |y Томск  |2 stltpush  |3 (RuTPU)RU\TPU\pers\12910 
601 0 2 |a Томский политехнический институт (ТПИ)  |c (1944-1991)  |2 stltpush  |3 (RuTPU)RU\TPU\col\1123 
601 0 2 |a Томский политехнический университет (ТПУ)  |c (1991-2009)  |2 stltpush  |3 (RuTPU)RU\TPU\col\376 
610 1 |a выпускники ТПУ 
610 1 |a горные инженеры 
610 1 |a профессора 
610 1 |a биографии 
610 1 |a электронный ресурс 
700 1 |a Куцепаленко  |b В. Ф.  |c доцент Томского политехнического института, кондидат технических наук  |c выпускник горного факультета Томского политехнического института (1946)  |c специалист по исследованию работы шахтных подъемных канатов  |f 1914-2001  |g Василий Федорович  |2 stltpush  |3 (RuTPU)RU\TPU\pers\19140 
801 1 |a RU  |b 63413507  |c 20101101 
801 2 |a RU  |b 63413507  |c 20110411  |g RCR 
856 4 |u http://www.lib.tpu.ru/fulltext/v/Tomsk_polytechnic/2000/N6a24_full.pdf  |z Цветная версия без потери качества 
942 |c CF